Winnie the Pooh Storybook Treasury. (Record no. 1604)
[ view plain ]
| 000 -LEADER | |
|---|---|
| fixed length control field | 00832nam a22002297a 4500 |
| 005 - DATE AND TIME OF LATEST TRANSACTION | |
| control field | 20241022085840.0 |
| 020 ## - INTERNATIONAL STANDARD BOOK NUMBER | |
| International Standard Book Number | 780009007223 |
| 040 ## - CATALOGING SOURCE | |
| Original cataloging agency | FISKH |
| Language of cataloging | eng |
| Description conventions | rda |
| Transcribing agency | FISKH |
| 050 ## - LIBRARY OF CONGRESS CALL NUMBER | |
| Classification number | PZ7.S88731997 |
| 082 ## - DEWEY DECIMAL CLASSIFICATION NUMBER | |
| Classification number | Fic |
| 100 ## - MAIN ENTRY--PERSONAL NAME | |
| Personal name | Milne, A. A. |
| Dates associated with a name | 1882-1956. |
| Fuller form of name | Alan Alexander Milne |
| 245 00 - TITLE STATEMENT | |
| Title | Winnie the Pooh Storybook Treasury. |
| 260 ## - PUBLICATION, DISTRIBUTION, ETC. | |
| Place of publication, distribution, etc. | Glendale : |
| Name of publisher, distributor, etc. | MouseWorks, |
| Date of publication, distribution, etc. | 1997 |
| 300 ## - PHYSICAL DESCRIPTION | |
| Extent | 190 pages: |
| Dimensions | 32 x 24 cm |
| 505 ## - FORMATTED CONTENTS NOTE | |
| Formatted contents note | O |
| 520 ## - SUMMARY, ETC. | |
| Summary, etc. | "It's Positively Pooh-ish. Four original stories featuring Pooh and his friends in the Hundred-Acre Wood are yours in this incredible story collection! There's nothing more satisfying than a smackerel of Pooh!" -back cover. |
| 521 ## - TARGET AUDIENCE NOTE | |
| Target audience note | 830 <br/> |
| Source | Lexile estimate |
| 521 ## - TARGET AUDIENCE NOTE | |
| Target audience note | O <br/> |
| Source | Raz-Plus |
| 906 ## - LOCAL DATA ELEMENT F, LDF (RLIN) | |
| a | 0 |
| b | ibc |
| c | orignew |
| d | 2 |
| e | epcn |
| f | 20 |
| g | y-gencatlg |
| 942 ## - ADDED ENTRY ELEMENTS (KOHA) | |
| Source of classification or shelving scheme | Dewey Decimal Classification |
| Koha item type | Books |
| Suppress in OPAC | No |
| 999 ## - | |
| -- | 1604 |
| -- | 1604 |
| Withdrawn status | Lost status | Source of classification or shelving scheme | Damaged status | Not for loan | Collection | Home library | Current library | Shelving location | Date acquired | Total Checkouts | Full call number | Barcode | Date last seen | Date last checked out | Copy number | Price effective from | Koha item type |
|---|---|---|---|---|---|---|---|---|---|---|---|---|---|---|---|---|---|
| Dewey Decimal Classification | Juvenile Fiction | Footprints International School Library Network Toul Kork Campus | Footprints International School Library Network Toul Kork Campus | 09/11/2023 | 1 | MIL Fic PZ7.S88731997 | 2023-0553 | 11/10/2025 | 10/31/2025 | 1 | 09/11/2023 | Books | |||||
| Dewey Decimal Classification | Juvenile Fiction | Footprints International School Library Network Toul Kork Campus | Footprints International School Library Network Toul Kork Campus | TTP Secondary Fiction Bookshelves | 09/11/2023 | MIL Fic PZ7.S88731997 | FISBK072031 | 01/31/2024 | 2 | 09/11/2023 | Books |
